Concelhos de Setúbal - Statistics

Estatísticas Gerais
  • Esse quiz foi jogado 79 vezes
  • A pontuação média é 11 de 13
Respostas no mapa
Respostas codificadas por cores de uma escala verde-vermelha no mapa do quiz de acordo com a % correta abaixo.
 
Estatísticas das Respostas
Concelho % Correto
Almada
94%
Moita
94%
Sines
94%
Barreiro
92%
Setúbal
92%
Alcochete
89%
Alcácer do Sal
86%
Seixal
83%
Grândola
81%
Montijo
78%
Palmela
78%
Santiago do Cacém
78%
Sesimbra
75%
Nenhum quiz correspondente encontrado
Distribuição das Pontuações
Porcentagem de Pessoas com Cada Pontuação
Percentil de Números Respondidos
Sua Pontuação Histórica
Você não jogou esse quiz